|
|
|
|
| LEADER |
00000nab a2200000 a 4500 |
| 001 |
vtls000003976 |
| 003 |
SK-MaSNL |
| 005 |
20260304180936.0 |
| 008 |
250423c1978 xo 0 slo |
| 015 |
|
|
|a SNBRB19rr/mm-uuuuu
|
| 035 |
|
|
|a CL0014069
|
| 035 |
|
|
|a urn:nbn:sk:snk-ab2f17
|
| 035 |
|
|
|a (urnnbn)urn:nbn:sk:snk:ar-a02boh
|
| 035 |
|
|
|a (uuid)f23dbe4b-626d-44c8-922a-18859d047844
|
| 040 |
|
|
|a SNKBUCL
|b slo
|c SNKBUCL
|e AACR2
|
| 041 |
0 |
|
|a slo
|
| 044 |
|
|
|a xo
|c SK
|
| 080 |
|
|
|a 82(091):885.0"19"+885.4"19"
|2 1981
|
| 080 |
|
|
|a 885.0"19"
|2 1981
|
| 080 |
|
|
|a 885.4"19"
|2 1981
|
| 080 |
|
|
|a 885.0(091)"19"
|2 1981
|
| 080 |
|
|
|a 885.4(091)"19"
|2 1981
|
| 080 |
|
|
|a 82.091
|2 1981
|
| 080 |
|
|
|a 885.4
|2 1981
|
| 100 |
1 |
|
|a Ďurišin, Dionýz,
|d 1929-1997
|4 aut
|9 106572
|
| 245 |
1 |
0 |
|a Miesto českej a slovenskej literatúry v spoločenstve socialistických literatúr
|c Dionýz Ďurišin
|
| 650 |
0 |
7 |
|a česká literatúra
|2 snkbucl
|9 1178
|
| 650 |
0 |
7 |
|a slovenská literatúra
|2 snkbucl
|9 1115
|
| 650 |
0 |
7 |
|a literárna komparatistika
|2 snkbucl
|9 62017
|
| 650 |
0 |
7 |
|a socialistická literatúra
|2 snkbucl
|9 309001
|
| 655 |
|
7 |
|a články z novín a časopisov
|2 snkbucl
|9 267496
|
| 655 |
|
7 |
|a články z odboru literárna veda a krásna literatúra
|2 snkbucl
|9 770045
|
| 773 |
0 |
|
|t Slavica slovaca
|g Roč. 13, č. 2 (1978), s. 134-137
|
| 850 |
|
|
|a Slovenská národná knižnica
|
| 852 |
|
|
|a Slovenská národná knižnica
|
| 954 |
|
|
|a odborná, vedecká literatúra pôvodná (slovenská)
|2 lita
|
| 958 |
|
|
|a article27
|
| 958 |
|
|
|a RK
|
| 958 |
|
|
|a LX
|
| 958 |
|
|
|a SK
|
| 958 |
|
|
|a OND
|
| 958 |
|
|
|a EUIPO
|
| 992 |
|
|
|a RBX
|
| 999 |
|
|
|c 3020821
|d 3022751
|